Statistics for Finland True or False?

Click here to take the quiz!

General Stats

  • This quiz has been taken 108 times
    (99 since last reset)
  • The average score is 10 of 15

Answer Stats

QuestionAnswer% Correct
Lapland is a fictional place based on Northern FinlandFalse
87%
The man with the highest number of sniper kills in any major war was FinnishTrue
86%
Beating yourself with a branch is normal in a Finnish saunaTrue
83%
Wife-carrying is a Finnish sportTrue
82%
The average Finn consumes 12kg of coffee every yearTrue
78%
A Burger King in Helsinki has its own saunaTrue
76%
No part of Finland is on the Scandinavian peninsulaFalse
68%
Finland fought both alongside and against Germany in WW2True
67%
Wild polar bears are found in FinlandFalse
64%
Finland has the most lakes of any countryFalse
63%
The World Happiness Report ranked Finland #1 in 2020True
61%
Finnish author Jean Sibelius wrote more than two hundred novelsFalse
60%
Finnish salted liquorice was originally given to children as punishmentFalse
45%
Before making cell phones, Nokia made toilet paperTrue
40%
Finland has more Winter Olympic medals than Summer Olympic medalsFalse
17%

Score Distribution

Percentile by Number Answered

Percent of People with Each Score

Your Score History

You have not taken this quiz since the last reset